000 nam a22 7a 4500
999 _c127497
_d127497
008 180125b xxu||||| |||| 00| 0 eng d
020 _a9782204031608
050 _aBX320.2
_b.Y24
100 _aYannaras, Christos
_938874
245 _aLa foi vivante de l'eglise
_bintroduction a la theologie orthodoxe
_cChristos Yannaras
260 _aParis
_bLes Editions Du Cerf
_c1989
300 _a191p. ;
_c23cm.
440 _aTheologies
_938866
650 _aOrthodox Eastern Church
_xDoctrines
_938839
700 _aMichael Stavrou (tr.)
_938875
942 _2lcc
_cMONOGRAPH